Finis le titre de la chanson #17 - Statistiques

Statistiques générales
  • Ce quiz a été pris 152 fois
  • Le résultat moyen est 12 sur 30
Statistiques - réponses
Artistes Chanson Réponse % Correct
Patrick Bruel "Qui a le..." Droit...
81%
William Baldé "Rayon de..." Soleil
80%
Nirvana "Come As You..." Are
79%
Ariana Grande "thank u,..." Next
77%
Casseurs Flowters "15h02 - Regarde comme il fait..." Beau
69%
Reel 2 Real, The Mad Stuntman "I Like To Move..." It
68%
Elton John "Rocket..." Man
67%
Mecano "Hijo de la..." Luna
65%
The Weeknd, Daft Punk "I Feel It..." Coming
63%
Ava Max "Sweet but..." Psycho
60%
Madonna "Material..." Girl
56%
Corona "The Rhythm of the..." Night
55%
Dire Straits "Sultans Of..." Swing
40%
Bananarama "Cruel..." Summer
36%
The Beatles "Twist And..." Shout
32%
Sylvie Vartan "Comme un..." Garçon
29%
Naps "Carré..." VIP
29%
Ninho, Niska "Elle a..." Mal
28%
Florence + The Machine "Dogs Days Are..." Over
28%
Laura Branigan "Self..." Control
27%
Murray Head "One Night in..." Bangkok
24%
Kim Wilde "Kids In..." America
23%
Pat Boone "Speedy..." Gonzales
22%
FloyyMenor, Cris Mj "Gata..." Only
22%
Alice Deejay "Better Off..." Alone
17%
Tame Impala "Let It..." Happen
17%
Aya Nakamura "Whine..." Up
10%
Kat Deluna, Busta Rhymes "Run The..." Show
9%
George McCrae "Rock Your..." Baby
4%
Meek Mill, Drake "Going..." Bad
3%
Aucun quiz correspondant
Distribution des résultats
% des personnes avec chaque résultat
Percentile par nombre de réponses
Votre historique - résultats
Vous n’avez pas pris ce quiz